Pays par images partielles de drapeaux #6 - Statistiques

Statistiques générales
  • Ce quiz a été pris 16 738 fois
  • Le résultat moyen est 11 sur 16
Statistiques - réponses
Par images Hint Réponse % Correct
Italie
99%
République Tchèque
94%
Slovaquie
93%
Cuba
83%
Lituanie
74%
Bahreïn
71%
Liberia
69%
Libye
68%
Liechtenstein
68%
Kirghizistan
64%
Brunei
63%
Érythrée
61%
États Fédérés de Micronésie
61%
Note : pavillon naval Pérou
54%
Vanuatu
48%
Oman
40%
Aucun quiz correspondant
Distribution des résultats
% des personnes avec chaque résultat
Percentile par nombre de réponses
Votre historique - résultats
Vous n’avez pas pris ce quiz